000 00652nam a22002177a 4500
005 20170124105932.0
010 _aB-079313
020 _c150.00
_a818710001
035 _aB-079313
037 _bCen Lib/Ret
040 _aDPL
_bEN
082 _a320.82
_bSIN
100 _aSinha, Mridula
_98450
245 _aNeither puppet nor butterfly /
_cby Mridula Sinha
260 _aNew Delhi
_bOceanBooks
_c1998
270 _bNew Delhi
_a4/19, ansari road, dariya ganj
_e110002
300 _aiii, 89p. ;
_c21cm(Hb)
_bill.
650 _aPolitical science
_98451
650 _aWomen's liberation
_98452
942 _2ddc
_cEN
_h320.82
_mSIN
999 _c123902
_d123902